Logo Biblioteca

Formando el espacio público : (Registro nro. 537)

Detalles MARC
000 -LEADER
fixed length control field 00795nam a22002177a 4500
003 - CONTROL NUMBER IDENTIFIER
control field OSt
005 - DATE AND TIME OF LATEST TRANSACTION
control field 20250818111816.0
008 - FIXED-LENGTH DATA ELEMENTS--GENERAL INFORMATION
fixed length control field 250808s2014 ag ||||| |||| 00| 0 spa d
020 ## - INTERNATIONAL STANDARD BOOK NUMBER
International Standard Book Number 978-987-1881-52-9
040 ## - CATALOGING SOURCE
Transcribing agency besoc
080 ## - UNIVERSAL DECIMAL CLASSIFICATION NUMBER
Authority record control number or standard number 061(82)"19/20"
245 00 - TITLE STATEMENT
Title Formando el espacio público :
Remainder of title asociacionismo y política : siglos XIX Y XX /
Statement of responsibility, etc. María Celia Bravo y Sandra Fernández, coordinadoras.
250 ## - EDITION STATEMENT
Edition statement 1a ed.
260 ## - PUBLICATION, DISTRIBUTION, ETC.
Place of publication, distribution, etc. San Miguel de Tucumán :
Name of publisher, distributor, etc. Editorial de la Universidad Nacional del Tucumán (EDUNT),
Date of publication, distribution, etc. 2014.
300 ## - PHYSICAL DESCRIPTION
Extent 270 P. ;
Dimensions 20 cm.
650 #4 - SUBJECT ADDED ENTRY--TOPICAL TERM
Topical term or geographic name entry element Asociaciones
General subdivision Historia
Chronological subdivision Siglo XIX-XX
Geographic subdivision Argentina
650 #4 - SUBJECT ADDED ENTRY--TOPICAL TERM
Topical term or geographic name entry element Beneficencia
General subdivision Historia
Chronological subdivision Siglo XIX-XX
Geographic subdivision Argentina
700 ## - ADDED ENTRY--PERSONAL NAME
Personal name Bravo, María Celia
Relator term coord.
700 ## - ADDED ENTRY--PERSONAL NAME
Personal name Fernández, Sandra
Relator term coord.
942 ## - ADDED ENTRY ELEMENTS (KOHA)
Source of classification or shelving scheme Universal Decimal Classification
Koha item type Libro de préstamo a domicilio
Suppress in OPAC No
Existencias
Withdrawn status Lost status Source of classification or shelving scheme Damaged status Not for loan Collection Home library Current library Date acquired Total checkouts Barcode Date last seen Price effective from Koha item type
    Universal Decimal Classification     Colección General Biblioteca Escuela de Ciencias Sociales Biblioteca Escuela de Ciencias Sociales 23/07/2025   000422 23/07/2025 23/07/2025 Obra General
Biblioteca de la Escuela Preuniversitaria en Ciencias Sociales y Humanísticas.
Riobamba 250 bis.
CP 2000 - Rosario - Santa Fe
E-Mail: biblioteca@esociales.unr.edu.ar